ბათუმის შოთა რუსთაველის სახელმწიფო უნივერსიტეტის ბიბლიოთეკა

Public Administration: (ბიბ.ჩანაწერი № 62278)

000 -LEADER
fixed length control field 00642nam a22001937a 4500
005 - DATE AND TIME OF LATEST TRANSACTION
control field 20240912172912.0
008 - FIXED-LENGTH DATA ELEMENTS--GENERAL INFORMATION
fixed length control field 240912s2020 enk||||| |||| 00| 0 eng d
020 ## - INTERNATIONAL STANDARD BOOK NUMBER
International Standard Book Number 9781138579668x
041 ## - LANGUAGE CODE
Language code of text/sound track or separate title eng
080 ## - UNIVERSAL DECIMAL CLASSIFICATION NUMBER
Universal Decimal Classification number 351+32 H-75
100 ## - MAIN ENTRY--PERSONAL NAME
Personal name Holzer, Marc
9 (RLIN) 23209
245 ## - TITLE STATEMENT
Title Public Administration:
Remainder of title An Introduction /
Statement of responsibility, etc. Marc Holzer, Richard W. Schwester.
264 ## - PRODUCTION, PUBLICATION, DISTRIBUTION, MANUFACTURE, AND COPYRIGHT NOTICE
Place of production, publication, distribution, manufacture New York :
Name of producer, publisher, distributor, manufacturer Routledge,
Date of production, publication, distribution, manufacture, or copyright notice 2020.
300 ## - PHYSICAL DESCRIPTION
Extent 438 p.:
Other physical details ill.;
Dimensions 25 cm.
653 ## - INDEX TERM--UNCONTROLLED
keyword საჯარო ადმინისტრირება
653 ## - INDEX TERM--UNCONTROLLED
keyword პოლიტიკა
700 ## - ADDED ENTRY--PERSONAL NAME
Personal name Schwester, W. Richard
Relator term ავტორი
9 (RLIN) 23210
942 ## - ADDED ENTRY ELEMENTS (KOHA)
Source of classification or shelving scheme
Koha item type წიგნი
ეგზემპლარები
Withdrawn status Lost status Source of classification or shelving scheme Damaged status Not for loan Permanent Location Current Location Shelving location Date acquired Cost, normal purchase price Full call number Barcode Date last seen Copy number Price effective from Koha item type Public note
          ბათუმის შოთა რუსთაველის სახელმწიფო უნივერსიტეტის მთავარი ბიბლიოთეკა ბათუმის შოთა რუსთაველის სახელმწიფო უნივერსიტეტის მთავარი ბიბლიოთეკა წიგნსაცავი 2024-09-12 262.00 351+32 H-75 68855 2024-09-12 68855 2024-09-12 წიგნი 262 ლ.